00368 2200145 4500001002100000005001500021035002000036245006800056100001800124300001200142260003400154082000800188084001400196990001200210INLIS00000000000197120250523110350 a0010-05250002631 aPaduan Praktis Berpetualang Di Alam Bebas /cDeni Yudiawan,S.Si0 aDeni Yudiawan a125 hlm aJakarta :bPuspa Swara,c2008 a600 a600 DEN p a0713506